| LEADER | 00670nam#a2200217#a#4500 | ||
|---|---|---|---|
| 001 | 011626 | ||
| 005 | 20160721150730.0 | ||
| 008 | 960525s1991####sp##################spa#d | ||
| 020 | |a 9509113689 | ||
| 040 | |a AR-beUNQ | ||
| 099 | |a 04-B33 | ||
| 100 | 1 | |a Bloom, Allan | |
| 245 | 0 | 0 | |a Gigantes y enanos : interpretaciones sobre la historia sociopolítica de Occidente |c Allan Bloom. |
| 260 | |a Barcelona : |b Gedisa, |c 1991 | ||
| 300 | |a 375 p | ||
| 650 | 7 | |a POLITICA |2 Spines | |
| 650 | 7 | |a FILOSOFIA |2 Spines | |
| 929 | |a COMPRA |b Lib. Celtia |c Exp. 827-0782/95 |d 36 |e 1995 |j 15161 | ||
| 929 | |a COMPRA |b Lib. Celtia |c Exp. 827-0782/95 |d 36 |e 1995 |j 15162 | ||
| 942 | |c LIB |n 0 | ||
| 999 | |c 14042 |d 89429 | ||